[Event "Tata Steel GCT Blitz 2019"]
[Site "Kolkata"]
[Date "2019.11.26"]
[Round "18"]
[White "So, Wesley"]
[Black "Carlsen, Magnus"]
[Result "1/2-1/2"]
[WhiteElo "2760"]
[BlackElo "2870"]
[Annotator "TA"]
[PlyCount "59"]
[EventDate "2019.11.25"]
[EventType "tourn"]
[EventCountry "IND"]
[SourceTitle "playchess.com"]
[Source "ChessBase"]
[SourceQuality "1"]

{[%evp 17,59,65,103,79,112,77,102,97,96,63,67,73,76,69,63,53,35,45,46,33,35,32,37,33,62,12,8,0,0,0,10,-45,-34,-238,-230,-381,-373,-447,-360,-484,-476,-341,169,157]} 1. d4 Nf6 2. c4 c5 3. d5 g6 4. Nc3 Bg7 5. e4 d6 6. Nf3 O-O 7. h3 e6 8. Bd3 Nbd7 9. O-O e5 10. a3 {E90: King's Indian: Classical: Early deviations and 6 h3} (10. Rb1 h6 11. Re1 Nh7 12. Qc2 Kh8 13. Bd2 b6 14. b4 cxb4 15. Nb5 Nc5 16. Bxb4 f5 17. Rbd1 f4 {0-1 (68) Le,Q (2739)-Aronian,L (2799) Saint Louis 2017}) 10... h6 11. b4 Nh7 $146 ({Predecessor:} 11... Kh8 12. Nd2 Nh5 13. Re1 b6 14. Nb3 Nf4 15. Bf1 g5 16. Rb1 a6 17. g3 Rg8 {1-0 (48) Bolduc,S (2181)-Gras,G (2061) Quebec 2017}) 12. Qc2 {White is better.} b6 13. Rb1 Ndf6 14. bxc5 bxc5 15. Re1 Nh5 16. Bf1 Ng5 {Threatening ...Nxf3+.} 17. Nxg5 hxg5 18. g3 g4 19. hxg4 Bxg4 20. Be2 Bd7 21. Qd1 Nf4 22. gxf4 exf4 23. Qd3 Qh4 24. Nb5 (24. Kg2 $11 Qg5+ 25. Kf1) 24... Be5 $15 {[%mdl 1024] Black has compensation.} (24... Bxb5 $2 25. Rxb5 a6 26. Rb3 $18) 25. Qf3 $2 {[#]} ({White should play} 25. Bf3 $15) 25... Kg7 $1 $19 26. Rb3 $2 (26. Rd1 Rh8 27. Kf1) 26... Rh8 {White must now prevent ...Qh2+.} ({Not} 26... Bxb5 $2 27. Rxb5 Rh8 28. Qg2 $18) 27. Bd1 Rh6 {Strongly threatening ...Rah8.} 28. Kf1 Rah8 29. Nxd6 Bxd6 $4 {[%mdl 8192] [#]} (29... Qg5 $19 {avoids the disaster.} 30. Nxf7 (30. Bb2 $2 Bxb2 31. Nxf7 Kxf7 $19) 30... Kxf7) 30. Bb2+ {[%mdl 64] Skewer. Accuracy: White = 44%, Black = 67%.} 1/2-1/2

[Event "Tata Steel GCT Blitz 2019"]
[Site "Kolkata"]
[Date "2019.11.26"]
[Round "18"]
[White "Anand, Viswanathan"]
[Black "Ding, Liren"]
[Result "1/2-1/2"]
[WhiteElo "2757"]
[BlackElo "2801"]
[Annotator "TA"]
[PlyCount "27"]
[EventDate "2019.11.25"]
[EventType "tourn"]
[EventCountry "IND"]
[SourceTitle "playchess.com"]
[Source "ChessBase"]
[SourceQuality "1"]

{[%evp 26,27,22,0]} 1. e4 e5 2. Nf3 Nc6 3. Bb5 a6 4. Ba4 Nf6 5. O-O Be7 6. Re1 b5 7. Bb3 d6 8. c3 O-O 9. h3 Re8 10. d4 Bb7 11. Ng5 $146 ({Predecessor:} 11. Nbd2 Bf8 12. a3 h6 13. Bc2 d5 14. Nxe5 Nxe5 15. dxe5 Rxe5 16. Nf3 Re8 17. e5 Ne4 18. Qe2 c5 19. Nd2 Rxe5 20. f3 c4 21. fxe4 Bc5+ {½-½ (40) Radjabov,T (2759)-Wojtaszek,R (2737) Dortmund 2019}) 11... Rf8 12. Nf3 Re8 13. Ng5 Rf8 14. Nf3 1/2-1/2